Oswalda Balzera przemówienia wygłoszone w Towarzystwie Naukowem we Lwowie w latach 1921 - 1932

Titel: Oswalda Balzera przemówienia wygłoszone w Towarzystwie Naukowem we Lwowie w latach 1921 - 1932 / wydał Przemyśław Da̧bkowski
Verfasser:
Beteiligt:
Veröffentlicht: Lwów : Nakł. Towarzystwa Nauk. we Lwowie, 1937
Umfang: XIII, 118 S.
Format: Buch
Sprache: Polnisch
Schlagworte:
Kein Bild verfügbar
X
Lokale Klassifikation: 2 B 516 ; 32 15 A
alg: 10538945
001A    $03004:03-07-02 
001B    $01999:18-10-24 $t18:59:37.000 
001C    $03004:18-02-10 $t13:12:02.000 
001D    $03004:03-07-02 
001U    $0utf8 
001X    $00 
002@    $0Aau 
003@    $0105389455 
003O    $0614564133 $aOCoLC 
007A    $0105389455 $aHEB 
007T    $0Herdhh105389455 
010@    $apol 
011@    $a1937 
013H    $0z 
021A    $aOswalda Balzera przemówienia wygłoszone w Towarzystwie Naukowem we Lwowie w latach 1921 - 1932 $hwydał Przemyśław Da̧bkowski 
028A    $#Balʹcer, Osvalʹd $#Balzer, Oswald M. $#Balzer, Oswald Marian $#Balzer, Oswald Marjan $#Balzer, Osvaldus $#Balzer, Osv. $7116046953 $8Balzer, Oswald$Z1858-1933 [Tp1] $9086828444 
028C    $BHrsg. $#Dabkowski, Przemyslaw $#Dąbkowski, Przemysław Roman $D20231015 $Ecgwrk $7117616605 $8Dąbkowski, Przemysław$Z1877-1950 [Tp1] $9113898088 
033A    $pLwów $nNakł. Towarzystwa Nauk. we Lwowie 
034D    $aXIII, 118 S. 
044K    $#Balʹcer, Osvalʹd $#Balzer, Oswald M. $#Balzer, Oswald Marian $#Balzer, Oswald Marjan $#Balzer, Osvaldus $#Balzer, Osv. $7116046953 $8Balzer, Oswald$Z1858-1933 [Tp1] $9086828444 
045F    $a370.9438 $eDDC23BSB 
045F/01 $a370.9 
045F/03 $g438 
046M    $aZsfassung in dt. Sprache 

lok: 10538945 24
101B    $005-12-02 $t18:45:27.329 
101C    $003-07-02 
145Z/01 $a2 B 516 
145Z/02 $a32 15 A 
101U    $0utf8 

exp: 10538945 24 1 #EPN
201B/01 $017-06-20 $t13:49:16.000 
201C/01 $003-07-02 
201U/01 $0utf8 
203@/01 $0172441560 
208@/01 $a03-07-02 $br 
209A/01 $a2 B 517 $du $f050 $h2 B 517 $x00 
209A/01 $aBestand Publikationsstelle Berlin-Dahlem $x01 
209C/01 $aP 5488 $hP 5488 
209G/01 $a70513510 $x00 
220D/01 $aVorbesitzer: Publikationsstelle Berlin-Dahlem. - Stempel: Bücherei der Publikationsstelle; Zugangsnummer: Publikationsstelle Berlin-Dahlem: 357/38; kein NS-Raubgut 
244Z/01 $#Publikationsstelle Berlin-Dahlem $7121760-4 $8--Tb1--Preußisches Geheimes Staatsarchiv$bPublikationsstelle $x80 $9040715051 
244Z/01 $aStempel $x99 
244Z/01 $aZugangsnummer $x99 
247C/01 $8358050-7 Marburg, Bibliothek des Herder-Instituts Marburg $9102600961 

lok: 10538945 78

exp: 10538945 78 1 #EPN
201B/01 $019-04-17 $t19:01:59.000 
201U/01 $0utf8 
203@/01 $0794265766 
208@/01 $a12-11-16 $be 
209A/01 $a/ $f000 $x00 
237A/01 $aweiterführende Signatur(en): Herder-Institut: 2 B 517 
244Z/01 $2Trx $#Poola $#Lenkija $#Polija $#Polen Land $#Poland $#Lengyelország $#Poľsko $#Polsko $8--Trx--Polska$gkraj $x01 $9391345966 
244Z/01 $aGeschichte 1921-1932 $x02 
244Z/01 $2Trx $8--Trx--Monographie $x03 $9391384546 
245Z/01 $a11.05 $x01 
247C/01 $82080>Marburg/Lahn, Herder-Institut, Forschungsbibliothek, Bibliographieportal $9336309341 

lok: 10538945 204

exp: 10538945 204 1 #EPN
201B/01 $026-08-11 $t11:38:54.000 
201C/01 $026-08-11 
201U/01 $0utf8 
203@/01 $0628714548 
208@/01 $a26-08-11 $brZKAW 
209A/01 $a064 G P 58/1044 $du $f000 $x00 
220B/01 $aRetro 041326 
245S/01 $a10200 $x01 
247C/01 $8631000-x <26>Gießen, Universität Gießen, Universitätsbibliothek Gießen $9102596697
LEADER 00000cam a2200000 c 4500
001 105389455
003 DE-603
005 20241018185937.0
007 tu
008 020703s1937 xx |||| | u00||u|pol c
035 |a (DE-599)HEB105389455 
035 |a (OCoLC)614564133 
040 |a DE-603  |b ger  |c DE-603  |d DE-603 
041 |a pol 
082 0 4 |8 1\u  |a 370.9438  |q DE-101  |2 23/BSB 
085 |8 1\u  |b 370.9 
085 |8 1\u  |z 2  |s 438 
100 1 |a Balzer, Oswald  |d 1858-1933  |0 (DE-603)086828444  |0 (DE-588)116046953  |2 gnd 
245 0 0 |a Oswalda Balzera przemówienia wygłoszone w Towarzystwie Naukowem we Lwowie w latach 1921 - 1932  |c wydał Przemyśław Da̧bkowski 
264 1 |a Lwów  |b Nakł. Towarzystwa Nauk. we Lwowie  |c 1937 
300 |a XIII, 118 S. 
500 |a Zsfassung in dt. Sprache 
600 1 7 |a Balzer, Oswald  |d 1858-1933  |0 (DE-588)116046953  |0 (DE-603)086828444  |2 gnd 
700 1 |a Dąbkowski, Przemysław  |d 1877-1950  |e Hrsg.  |4 edt  |0 (DE-603)113898088  |0 (DE-588)117616605  |2 gnd 
924 0 |9 Mb 50  |a (DE-603)172441560  |b DE-Mb50  |c HES  |d c  |g 2 B 517 
924 0 |9 2080  |a (DE-603)794265766  |b DE-2080  |c HES  |d d  |g / 
924 0 |9 26  |a (DE-603)628714548  |b DE-26  |c HES  |d c  |g 064 G P 58/1044